Detalles MARC
| 000 -LEADER |
| fixed length control field |
03225nam a2200277 a 4500 |
| 001 - CONTROL NUMBER |
| control field |
000020930 |
| 003 - CONTROL NUMBER IDENTIFIER |
| control field |
DO-SdBNP |
| 005 - DATE AND TIME OF LATEST TRANSACTION |
| control field |
20240709125417.0 |
| 008 - FIXED-LENGTH DATA ELEMENTS--GENERAL INFORMATION |
| fixed length control field |
100824s1982 dr 000 0 spa d |
| 040 ## - CATALOGING SOURCE |
| Original cataloging agency |
DO-SdBNP |
| Language of cataloging |
spa |
| Transcribing agency |
BPMSU |
| 082 ## - DEWEY DECIMAL CLASSIFICATION NUMBER |
| Classification number |
330.97293 |
| Item number |
A367v 1982 |
| Edition number |
22 |
| 100 1# - MAIN ENTRY--PERSONAL NAME |
| Personal name |
Alemán, José Luis |
| 245 10 - TITLE STATEMENT |
| Title |
27 ensayos sobre economía y sociedad dominicanas / |
| Statement of responsibility, etc. |
José Luis Alemán. |
| 246 13 - VARYING FORM OF TITLE |
| Title proper/short title |
Veintisiete ensayos sobre economía y sociedad dominicanas |
| 260 ## - PUBLICATION, DISTRIBUTION, ETC. (IMPRINT) |
| Place of publication, distribution, etc. |
Santo Domingo : |
| Name of publisher, distributor, etc. |
UCMM, |
| Date of publication, distribution, etc. |
1982. |
| 300 ## - PHYSICAL DESCRIPTION |
| Extent |
561 p. : |
| Other physical details |
il., tablas ; |
| Dimensions |
22 cm. |
| 490 0# - SERIES STATEMENT |
| Series statement |
Estudios, |
| Volume/sequential designation |
74 |
| 504 ## - BIBLIOGRAPHY, ETC. NOTE |
| Bibliography, etc |
Incluye referencias bibliográficas y notas al pie de páginas |
| 505 0# - FORMATTED CONTENTS NOTE |
| Formatted contents note |
Introducción, 11.-- Problemas Agrarios, 13. / Influjo de la distribución de la tenencia de tierra en la Economía Dominicana, 15.-- Limitación de la propiedad rural, 24.-- La indemnización en la reforma agraria, 41.-- Tendencias de la producción agropecuaria dominicana 1966-1971, 49.-- Análisis del poder a nivel comunitario en República Dominicana, 57.-- Inversión, Empleo, Tecnología e Incentivos Industriales, 73. / La actitud empresarial en el desarrollo económico, 75.-- Problemática socio-económica de las ganancias, 84.-- Ciencia. tecnología y política de inversiones en República Dominicana 1966-1974, 96.-- La educación media y la industria metal mecánica, 142.-- El régimen de incentivo a la producción nacional, 157.-- Ley de incentivo industrial, 170.-- Problemas Regionales, 187. / Los polos de crecimiento y el desarrollo económico, 189.-- Distribución por sectores y por zonas geográficas de los gastos públicos mensuales efectuados por el Gobierno Central en construcciones, 200.-- El futuro económico de Santiago de los Caballeros, 216.-- Perspectivas económicas de Monseñor Nouel, 239.-- Problemas de Población, 257. / Políticas de desarrollo económico y población, 259.-- La prostitución : sus determinantes económicos, 307.-- Relación entre desarrollo económico y crecimiento de la población, 322.-- Sociedad y Economía, 333. / Introducción a la sociología de la educación dominicana, 335.-- Religión y sociedad dominicana en los años mil novecientos sesenta, 391.-- Discurso de agradecimiento en la recepción del Premio Nacional de Ciencias, 417.-- Los derechos de los trabajadores en función de la empresa, 422.-- La economía de la corrupción, 441.-- Introducción a los discursos de Víctor M. Espaillat Mera, 459.-- Reflexiones sobre teoría económica, economía normativa y política económica, 493.-- Las consecuencias religiosas del proceso de unificación mundial de los patrones de consumo y de producción, 513.-- Análisis comparativo de la Política Económica del Estado Dominicano : Gobierno del Dr. Joaquín Balaguer y Don Antonio Guzmán, 529.-- Listado cronológico de libros y artículos del autor. |
| 590 ## - LOCAL NOTE (RLIN) |
| Local note |
Inventariado, 2022/VM |
| 651 #4 - SUBJECT ADDED ENTRY--GEOGRAPHIC NAME |
| Geographic name |
República Dominicana |
| General subdivision |
Condiciones Económicas |
| -- |
Ensayos, Conferencias, etc. |
| 651 #4 - SUBJECT ADDED ENTRY--GEOGRAPHIC NAME |
| Geographic name |
República Dominicana |
| General subdivision |
Condiciones sociales |
| -- |
Ensayos, conferencias, etc. |
| 710 2# - ADDED ENTRY--CORPORATE NAME |
| Corporate name or jurisdiction name as entry element |
Pontificia Universidad Católica Madre y Maestra (República Dominicana) |
| 910 ## - USER-OPTION DATA (OCLC) |
| User-option data |
VMateo V./Validado. |
| 942 ## - ADDED ENTRY ELEMENTS (KOHA) |
| Source of classification or shelving scheme |
Dewey Decimal Classification |
| Koha item type |
Libros |